000 00700nam a22002417i 4500
003 URS
005 20220117150858.0
008 160323b xxu||||| |||| 00| 0 eng d
020 _a9789351152323
040 _cURS
050 0 0 _aHD 62.5
_b.En86 2014
245 0 0 _aEntrepreneurship /
_c3G eLearning
264 1 _aUAE :
_b3G eLearning,
_c[2014].
264 4 _c©2014.
300 _avi, 299 pages :
_billustrations ;
_c24 cm.
_e1 CD-ROM.
336 _2rdacontent
_atext
336 _2rdacontent
_astill image
337 _2rdamedia
_aunmediated
338 _2rdacarrier
_avolume
504 _aIncludes bibliographical references (pages 296-299).
650 0 _aEntrepreneurship
942 _2lcc
_cFR
999 _c12610
_d12610